| 000 | 00949cam a22002655a 4500 | ||
|---|---|---|---|
| 001 | 17389347 | ||
| 005 | 20161017135759.0 | ||
| 008 | 120717t2012 maua frb 001 0 eng d | ||
| 020 | _a9780123914903 | ||
| 020 | _a0123914906 | ||
| 040 |
_aBTCTA _beng _cBTCTA _dUKMGB _dYDXCP _dBWX _dYPM _dTOH _dCDX _dMEAUC _dDLC _dEG-ScBUE |
||
| 082 | 0 | 4 |
_a006.22 _222 _bBAR |
| 100 | 1 |
_aBarry, Peter _c(Computer engineer) |
|
| 245 | 1 | 0 |
_aModern embedded computing : _bdesigning connected, pervasive, media-rich systems / _cPeter Barry, Patrick Crowley. |
| 260 |
_aWaltham : _bMorgan Kaufmann / Elsevier, _cc.2012. |
||
| 300 |
_axxv, 518 p. : _bill. ; _c24 cm. |
||
| 500 | _aIndex : p. 503-518. | ||
| 504 | _aBibliography : p. 497-501. | ||
| 650 | 0 |
_aEmbedded computer systems _xDesign and construction. _2BUEsh |
|
| 650 | 7 |
_aEmbedded computer systems. _2BUEsh _923377 |
|
| 651 | _2BUEsh | ||
| 653 |
_bCOMSCI _cOctober2016 |
||
| 700 | 1 | _aCrowley, Patrick. | |
| 942 | _2ddc | ||
| 999 |
_c22655 _d22627 |
||